[Event "2020 Australian Chess Championship"]
[Site "Sydney, Australia"]
[Date "2020.01.06"]
[Round "5.1"]
[White "Kuybokarov, Temur"]
[Black "Clarke, Brandon G I"]
[Result "1-0"]
[WhiteElo "2523"]
[BlackElo "2438"]

1. e4 {[%clk 01:30:49]} {[%emt 00:00:10]} e6 {[%clk 01:25:14]} {[%emt
00:05:46]} 2. d4 {[%clk 01:31:02]} {[%emt 00:00:16]} d5 {[%clk 01:25:40]}
{[%emt 00:00:04]} 3. Nc3 {[%clk 01:31:10]} {[%emt 00:00:22]} Nf6 {[%clk
01:25:30]} {[%emt 00:00:42]} 4. e5 {[%clk 01:31:23]} {[%emt 00:00:16]} Nfd7
{[%clk 01:25:55]} {[%emt 00:00:04]} 5. f4 {[%clk 01:31:36]} {[%emt 00:00:17]}
c5 {[%clk 01:26:22]} {[%emt 00:00:04]} 6. Nf3 {[%clk 01:31:53]} {[%emt
00:00:13]} Nc6 {[%clk 01:26:44]} {[%emt 00:00:08]} 7. Be3 {[%clk 01:32:01]}
{[%emt 00:00:21]} Be7 {[%clk 01:24:18]} {[%emt 00:02:58]} 8. Qd2 {[%clk
01:31:12]} {[%emt 00:01:19]} O-O {[%clk 01:23:20]} {[%emt 00:01:26]} 9. dxc5
{[%clk 01:31:19]} {[%emt 00:00:23]} Qa5 {[%clk 01:23:34]} {[%emt 00:00:16]} 10.
a3 {[%clk 01:26:31]} {[%emt 00:05:18]} Nxc5 {[%clk 01:04:55]} {[%emt 00:19:08]}
11. Nd4 {[%clk 01:24:13]} {[%emt 00:02:46]} Qc7 {[%clk 00:57:42]} {[%emt
00:07:45]} 12. Be2 {[%clk 01:10:22]} {[%emt 00:14:20]} f6 {[%clk 00:43:10]}
{[%emt 00:15:04]} 13. Ndb5 {[%clk 01:01:52]} {[%emt 00:08:58]} Qd8 {[%clk
00:35:38]} {[%emt 00:08:04]} 14. exf6 {[%clk 01:00:40]} {[%emt 00:01:42]} Rxf6
{[%clk 00:35:15]} {[%emt 00:00:53]} 15. O-O {[%clk 01:00:03]} {[%emt 00:01:07]}
a6 {[%clk 00:29:22]} {[%emt 00:06:24]} 16. Nd4 {[%clk 01:00:13]} {[%emt
00:00:18]} Qd6 {[%clk 00:27:05]} {[%emt 00:02:49]} 17. Rad1 {[%clk 00:52:00]}
{[%emt 00:08:41]} g6 {[%clk 00:19:34]} {[%emt 00:08:02]} 18. Bg4 {[%clk
00:40:48]} {[%emt 00:11:42]} e5 {[%clk 00:08:00]} {[%emt 00:12:05]} 19. Nxc6
{[%clk 00:38:06]} {[%emt 00:03:12]} bxc6 {[%clk 00:08:26]} {[%emt 00:00:04]} 20.
fxe5 {[%clk 00:37:17]} {[%emt 00:04:59]} Rxf1+ 21. Rxf1 {[%clk 00:37:35]} Qxe5
{[%clk 00:07:56]} 22. Bd4 {[%clk 00:35:16]} {[%emt 00:00:51]} Ne4 {[%clk
00:06:55]} {[%emt 00:01:32]} 23. Nxe4 {[%clk 00:34:22]} {[%emt 00:01:23]} Qxe4
{[%clk 00:07:23]} {[%emt 00:00:02]} 24. Rf4 {[%clk 00:32:48]} {[%emt 00:02:03]}
Bxg4 {[%clk 00:07:51]} {[%emt 00:00:03]} 25. Rxe4 {[%clk 00:33:08]} {[%emt
00:00:09]} dxe4 {[%clk 00:08:19]} {[%emt 00:00:02]} 26. Qf4 {[%clk 00:33:02]}
{[%emt 00:00:34]} 1-0

[Event "2020 Australian Chess Championship"]
[Site "Sydney, Australia"]
[Date "2020.01.06"]
[Round "5.2"]
[White "Bjelobrk, Igor"]
[Black "McClymont, Brodie"]
[Result "1/2-1/2"]
[WhiteElo "2403"]
[BlackElo "2421"]

1. d4 {[%clk 01:30:55]} {[%emt 00:00:05]} Nf6 {[%clk 01:30:56]} {[%emt
00:00:04]} 2. c4 {[%clk 01:31:20]} {[%emt 00:00:06]} g6 {[%clk 01:31:22]}
{[%emt 00:00:04]} 3. Nc3 {[%clk 01:31:43]} {[%emt 00:00:06]} Bg7 {[%clk
01:31:49]} {[%emt 00:00:03]} 4. e4 {[%clk 01:32:03]} {[%emt 00:00:11]} d6
{[%clk 01:32:15]} {[%emt 00:00:04]} 5. Nf3 {[%clk 01:32:26]} {[%emt 00:00:07]}
O-O {[%clk 01:32:39]} {[%emt 00:00:06]} 6. h3 {[%clk 01:32:49]} {[%emt
00:00:07]} e5 {[%clk 01:32:40]} {[%emt 00:00:29]} 7. d5 {[%clk 01:33:14]}
{[%emt 00:00:06]} Nh5 {[%clk 01:32:54]} {[%emt 00:00:13]} 8. g3 {[%clk
01:33:34]} {[%emt 00:00:11]} f5 {[%clk 01:33:19]} {[%emt 00:00:04]} 9. exf5
{[%clk 01:33:57]} {[%emt 00:00:08]} gxf5 {[%emt 00:00:13]} 10. Nh4 {[%clk
01:34:12]} {[%emt 00:00:06]} Nf6 {[%emt 00:00:39]} 11. Bd3 {[%clk 01:33:47]}
{[%emt 00:00:19]} e4 {[%clk 01:34:38]} {[%emt 00:00:04]} 12. Be2 {[%clk
01:34:05]} {[%emt 00:00:12]} Nfd7 {[%emt 00:01:35]} 13. Ng2 {[%clk 01:33:06]}
{[%emt 00:00:02]} Na6 {[%emt 00:01:22]} 14. Nf4 {[%emt 00:00:16]} Nac5 {[%emt
00:00:13]} 15. O-O {[%emt 00:02:07]} Bxc3 {[%emt 00:01:27]} 16. bxc3 {[%clk
01:31:22]} {[%emt 00:00:03]} Ne5 {[%clk 01:34:40]} {[%emt 00:00:07]} 17. Be3
{[%clk 01:23:06]} {[%emt 00:08:46]} b6 {[%clk 01:35:03]} {[%emt 00:00:07]} 18.
Kh1 {[%clk 01:21:41]} {[%emt 00:02:50]} Qe7 {[%clk 01:30:21]} {[%emt 00:04:17]}
19. Rg1 {[%clk 01:20:26]} {[%emt 00:01:46]} h6 {[%clk 01:23:35]} {[%emt
00:07:16]} 20. Qc2 {[%clk 01:13:13]} {[%emt 00:07:42]} Kh7 {[%clk 01:20:19]}
{[%emt 00:03:47]} 21. Rad1 {[%clk 01:05:23]} {[%emt 00:08:21]} Ba6 {[%clk
01:06:31]} {[%emt 00:14:18]} 22. Rd4 {[%clk 01:03:55]} {[%emt 00:01:58]} Kh8
{[%clk 00:55:48]} {[%emt 00:11:13]} 23. Qd2 {[%clk 00:42:40]} {[%emt 00:21:45]}
Rf7 {[%clk 00:42:32]} {[%emt 00:13:45]} 24. Qd1 {[%clk 00:29:57]} {[%emt
00:13:14]} Rg8 {[%clk 00:41:12]} {[%emt 00:01:50]} 25. Re1 {[%clk 00:29:26]}
{[%emt 00:01:01]} Qd7 {[%clk 00:39:10]} {[%emt 00:02:32]} 26. Kg2 {[%clk
00:29:09]} {[%emt 00:00:47]} Kh7 {[%clk 00:38:20]} {[%emt 00:01:20]} 27. Rh1
{[%clk 00:29:16]} {[%emt 00:00:23]} Nb7 {[%clk 00:29:49]} {[%emt 00:09:01]} 28.
h4 {[%clk 00:22:33]} {[%emt 00:07:14]} Na5 {[%clk 00:22:27]} {[%emt 00:07:52]}
29. Qf1 {[%clk 00:17:12]} {[%emt 00:05:51]} c5 {[%clk 00:20:47]} {[%emt
00:02:10]} 30. dxc6 {[%clk 00:16:50]} {[%emt 00:00:52]} Qxc6 {[%clk 00:21:01]}
{[%emt 00:00:16]} 31. Qd1 {[%clk 00:15:13]} {[%emt 00:02:07]} Naxc4 {[%clk
00:19:27]} {[%emt 00:02:05]} 32. Bxc4 {[%clk 00:15:21]} {[%emt 00:00:23]} Nxc4
{[%clk 00:19:39]} {[%emt 00:00:17]} 33. Re1 {[%clk 00:11:46]} {[%emt 00:04:04]}
Rg4 {[%clk 00:13:57]} {[%emt 00:06:12]} 34. Rd5 {[%clk 00:10:35]} {[%emt
00:01:43]} Qd7 {[%clk 00:11:07]} {[%emt 00:03:20]} 35. Rd4 {[%clk 00:10:48]}
{[%emt 00:00:16]} b5 {[%clk 00:10:58]} {[%emt 00:00:39]} 36. Qe2 {[%clk
00:10:14]} {[%emt 00:01:03]} Bb7 {[%clk 00:09:50]} {[%emt 00:01:40]} 37. Red1
{[%clk 00:10:27]} {[%emt 00:00:17]} Rf6 {[%clk 00:09:10]} {[%emt 00:01:10]} 38.
a4 {[%clk 00:10:40]} {[%emt 00:00:17]} a6 {[%clk 00:08:07]} {[%emt 00:01:33]}
39. axb5 {[%clk 00:11:05]} {[%emt 00:00:04]} axb5 {[%clk 00:08:35]} {[%emt
00:00:02]} 40. Nh5 {[%clk 00:09:11]} {[%emt 00:02:24]} Rf7 {[%clk 00:08:13]}
{[%emt 00:00:51]} 41. Nf4 {[%clk 00:06:52]} {[%emt 00:02:49]} Qe7 {[%clk
00:02:56]} {[%emt 00:05:47]} 42. Kh3 {[%clk 00:06:08]} {[%emt 00:01:14]} Rfg7
{[%clk 00:02:10]} {[%emt 00:01:17]} 43. Rxc4 {[%clk 00:29:05]} {[%emt
00:07:32]} bxc4 {[%clk 00:30:09]} {[%emt 00:02:32]} 44. Qxc4 {[%clk 00:29:22]}
{[%emt 00:00:13]} d5 {[%clk 00:25:36]} {[%emt 00:05:03]} 45. Qc5 {[%clk
00:19:29]} {[%emt 00:10:23]} Qxc5 {[%clk 00:16:30]} {[%emt 00:09:36]} 46. Bxc5
{[%clk 00:19:51]} {[%emt 00:00:08]} Rd7 {[%clk 00:16:50]} {[%emt 00:00:09]} 47.
Bd4 {[%clk 00:19:39]} {[%emt 00:00:42]} Rf7 {[%clk 00:05:50]} {[%emt 00:11:31]}
48. Rb1 {[%clk 00:13:00]} {[%emt 00:07:09]} Rg8 {[%clk 00:05:11]} {[%emt
00:01:09]} 49. Rb6 {[%clk 00:13:16]} {[%emt 00:00:14]} Ra8 {[%clk 00:03:39]}
{[%emt 00:02:01]} 50. Rd6 {[%clk 00:11:04]} {[%emt 00:02:42]} Ra6 {[%clk
00:04:01]} {[%emt 00:00:08]} 1/2-1/2

[Event "2020 Australian Chess Championship"]
[Site "Sydney, Australia"]
[Date "2020.01.06"]
[Round "5.3"]
[White "Solomon, Stephen J"]
[Black "Ikeda, Junta"]
[Result "0-1"]
[WhiteElo "2319"]
[BlackElo "2438"]

1. e4 {[%clk 01:30:54]} {[%emt 00:36:51]} g6 {[%clk 01:29:56]} {[%emt
00:01:05]} 2. d4 {[%emt 00:00:17]} Bg7 {[%clk 01:30:17]} {[%emt 00:00:08]} 3.
Nc3 {[%clk 01:31:25]} {[%emt 00:00:13]} d6 {[%clk 01:30:39]} {[%emt 00:00:08]}
4. Be3 {[%clk 01:31:00]} {[%emt 00:00:54]} a6 {[%clk 01:30:58]} {[%emt
00:00:12]} 5. Qd2 {[%clk 01:31:21]} {[%emt 00:00:08]} b5 {[%clk 01:31:21]}
{[%emt 00:00:07]} 6. f3 {[%clk 01:31:33]} {[%emt 00:00:18]} Nd7 {[%clk
01:26:10]} {[%emt 00:05:42]} 7. h4 {[%emt 00:00:28]} h6 {[%clk 01:25:02]}
{[%emt 00:01:33]} 8. Nh3 {[%clk 01:30:54]} {[%emt 00:01:16]} Bb7 {[%clk
01:15:35]} {[%emt 00:11:21]} 9. g4 {[%clk 01:25:33]} {[%emt 00:04:27]} e6
{[%clk 01:06:39]} {[%emt 00:09:26]} 10. Nf2 {[%clk 01:20:43]} {[%emt 00:05:19]}
Ne7 {[%clk 01:04:29]} {[%emt 00:02:41]} 11. h5 {[%clk 01:18:51]} {[%emt
00:02:22]} g5 {[%clk 01:03:52]} {[%emt 00:01:08]} 12. Bg2 {[%clk 01:18:53]}
{[%emt 00:00:27]} c5 {[%clk 00:53:36]} {[%emt 00:10:46]} 13. Ne2 {[%clk
01:09:40]} {[%emt 00:09:43]} Qc7 {[%clk 00:50:46]} {[%emt 00:03:20]} 14. c3
{[%clk 01:04:35]} {[%emt 00:05:35]} f5 {[%clk 00:39:26]} {[%emt 00:29:24]} 15.
f4 {[%clk 01:02:00]} e5 {[%clk 00:18:41]} {[%emt 00:06:46]} 16. fxg5 {[%clk
00:49:07]} {[%emt 00:13:23]} f4 {[%clk 00:16:55]} {[%emt 00:02:16]} 17. Nxf4
{[%clk 00:47:38]} {[%emt 00:01:59]} exf4 {[%clk 00:16:32]} {[%emt 00:00:53]} 18.
Bxf4 {[%clk 00:48:00]} {[%emt 00:00:08]} hxg5 {[%clk 00:07:09]} {[%emt
00:09:53]} 19. Bxg5 {[%clk 00:48:07]} {[%emt 00:00:24]} cxd4 {[%clk 00:03:58]}
{[%emt 00:03:41]} 20. cxd4 {[%clk 00:47:44]} {[%emt 00:00:51]} Nc6 {[%clk
00:03:51]} {[%emt 00:00:38]} 21. Rc1 {[%clk 00:43:11]} {[%emt 00:06:36]} Qb6
{[%clk 00:01:46]} {[%emt 00:01:04]} 22. d5 {[%clk 00:37:46]} {[%emt 00:05:55]}
Nce5 {[%clk 00:01:08]} {[%emt 00:01:15]} 23. h6 {[%clk 00:36:05]} {[%emt
00:02:04]} Bf6 {[%clk 00:00:57]} {[%emt 00:00:41]} 24. Be3 {[%clk 00:31:25]}
{[%emt 00:05:09]} Qd8 {[%clk 00:01:21]} {[%emt 00:00:07]} 25. g5 {[%clk
00:29:49]} {[%emt 00:02:06]} Be7 {[%clk 00:01:44]} {[%emt 00:00:07]} 26. Ke2
{[%clk 00:21:06]} {[%emt 00:09:13]} O-O {[%clk 00:00:48]} {[%emt 00:01:25]} 27.
Bh3 {[%clk 00:21:01]} {[%emt 00:00:35]} Ng6 {[%clk 00:00:48]} {[%emt 00:00:30]}
28. Bf5 {[%clk 00:14:04]} {[%emt 00:07:27]} Nde5 {[%clk 00:00:45]} {[%emt
00:00:33]} 29. Qd4 {[%clk 00:12:30]} {[%emt 00:02:04]} Kh7 {[%clk 00:00:54]}
{[%emt 00:00:22]} 30. Ng4 {[%clk 00:06:50]} {[%emt 00:06:10]} Rg8 {[%clk
00:00:34]} {[%emt 00:00:49]} 31. Nxe5 {[%clk 00:06:12]} {[%emt 00:01:08]} dxe5
{[%clk 00:01:00]} {[%emt 00:00:04]} 32. Qxe5 {[%clk 00:06:13]} {[%emt
00:00:29]} Bc8 {[%clk 00:00:59]} {[%emt 00:00:32]} 33. Rxc8 {[%clk 00:02:22]}
{[%emt 00:04:21]} Rxc8 {[%clk 00:01:21]} {[%emt 00:00:08]} 34. Bd4 {[%clk
00:02:00]} {[%emt 00:00:52]} Bxg5 {[%clk 00:01:12]} {[%emt 00:00:38]} 35. Qe6
{[%clk 00:01:50]} {[%emt 00:00:40]} Qc7 {[%clk 00:00:39]} {[%emt 00:01:03]} 36.
Bg7 {[%clk 00:01:42]} {[%emt 00:00:38]} Qc2+ {[%clk 00:00:41]} {[%emt
00:00:28]} 37. Kf3 {[%clk 00:00:51]} {[%emt 00:01:21]} Qd3+ {[%clk 00:01:05]}
{[%emt 00:00:06]} 38. Kg4 {[%clk 00:01:14]} {[%emt 00:00:06]} Qe2+ {[%clk
00:01:16]} {[%emt 00:00:19]} 39. Kxg5 {[%clk 00:01:17]} Qg2+ {[%clk 00:00:56]}
{[%emt 00:01:17]} 40. Kf6 {[%clk 00:00:37]} {[%emt 00:01:11]} Rcf8+ {[%clk
00:00:59]} {[%emt 00:00:27]} 41. Qf7 Rxf7+ {[%clk 00:29:21]} 42. Kxf7 {[%clk
00:23:09]} {[%emt 00:00:11]} Qg3 {[%clk 00:23:18]} {[%emt 00:06:33]} 43. Kf6
{[%clk 00:13:46]} {[%emt 00:09:53]} Rb8 {[%clk 00:17:26]} {[%emt 00:06:22]} 44.
Rh5 {[%clk 00:08:47]} {[%emt 00:05:30]} Qe5+ {[%clk 00:16:18]} {[%emt
00:01:37]} 45. Kg5 {[%clk 00:09:09]} {[%emt 00:00:08]} Qf4+ {[%clk 00:16:41]}
{[%emt 00:00:06]} 46. Kf6 {[%clk 00:09:32]} {[%emt 00:00:08]} Rb6+ {[%clk
00:17:06]} {[%emt 00:00:06]} 0-1

[Event "2020 Australian Chess Championship"]
[Site "Sydney, Australia"]
[Date "2020.01.06"]
[Round "5.4"]
[White "Nakauchi, Gene"]
[Black "Wallis, Christopher"]
[Result "0-1"]
[WhiteElo "2150"]
[BlackElo "2322"]

1. d4 {[%clk 01:30:57]} {[%emt 00:00:02]} Nf6 {[%clk 01:30:51]} {[%emt
00:00:09]} 2. c4 {[%clk 01:31:21]} {[%emt 00:00:06]} e6 {[%clk 01:31:12]}
{[%emt 00:00:08]} 3. Nc3 {[%clk 01:31:46]} {[%emt 00:00:05]} Bb4 {[%clk
01:31:32]} {[%emt 00:00:09]} 4. e3 {[%clk 01:32:11]} {[%emt 00:00:07]} O-O
{[%clk 01:31:52]} {[%emt 00:00:10]} 5. Bd3 {[%clk 01:32:34]} {[%emt 00:00:07]}
d5 {[%clk 01:32:11]} {[%emt 00:00:11]} 6. Nf3 {[%clk 01:32:53]} {[%emt
00:00:10]} c5 {[%clk 01:32:26]} {[%emt 00:00:16]} 7. O-O {[%clk 01:33:00]}
{[%emt 00:00:23]} dxc4 {[%clk 01:32:29]} {[%emt 00:00:27]} 8. Bxc4 {[%clk
01:33:23]} {[%emt 00:00:07]} cxd4 {[%clk 01:32:49]} {[%emt 00:00:10]} 9. exd4
{[%clk 01:33:43]} {[%emt 00:00:10]} b6 {[%clk 01:33:09]} {[%emt 00:00:10]} 10.
Bg5 {[%clk 01:31:30]} {[%emt 00:02:42]} Bb7 {[%clk 01:33:27]} {[%emt 00:00:12]}
11. Qe2 {[%clk 01:27:07]} {[%emt 00:04:53]} Nbd7 {[%clk 01:32:24]} {[%emt
00:01:33]} 12. Ne5 {[%clk 01:26:10]} {[%emt 00:01:27]} Bxc3 {[%clk 01:29:43]}
{[%emt 00:03:11]} 13. bxc3 {[%clk 01:26:33]} {[%emt 00:00:08]} Rc8 {[%clk
01:29:10]} {[%emt 00:01:03]} 14. f4 {[%clk 01:21:49]} {[%emt 00:05:14]} Qc7
{[%clk 01:23:46]} {[%emt 00:05:54]} 15. Bxf6 {[%clk 01:19:55]} {[%emt
00:02:24]} Nxf6 {[%clk 01:16:48]} {[%emt 00:07:27]} 16. Rac1 {[%clk 01:16:00]}
{[%emt 00:04:25]} g6 {[%clk 01:08:02]} {[%emt 00:14:32]} 17. Bb3 {[%clk
01:13:36]} Qd6 {[%clk 01:01:14]} {[%emt 00:04:55]} 18. Qe3 {[%clk 01:11:06]}
{[%emt 00:03:00]} Rc7 {[%clk 00:56:44]} {[%emt 00:05:01]} 19. c4 {[%clk
01:06:05]} {[%emt 00:05:31]} Rfc8 {[%clk 00:52:40]} {[%emt 00:04:37]} 20. Rfd1
{[%clk 00:49:40]} {[%emt 00:16:52]} Qa3 {[%clk 00:46:58]} {[%emt 00:06:13]} 21.
f5 {[%clk 00:29:25]} {[%emt 00:20:45]} exf5 {[%clk 00:26:49]} {[%emt 00:20:39]}
22. c5 {[%clk 00:29:33]} {[%emt 00:00:22]} Bd5 {[%clk 00:25:21]} {[%emt
00:01:59]} 23. Rd3 {[%clk 00:24:57]} {[%emt 00:05:06]} Bxb3 {[%clk 00:18:17]}
{[%emt 00:07:34]} 24. Rxb3 {[%clk 00:23:54]} {[%emt 00:01:32]} Qxa2 {[%clk
00:17:01]} {[%emt 00:01:47]} 25. c6 {[%clk 00:22:58]} {[%emt 00:01:26]} Rd8
{[%clk 00:09:31]} {[%emt 00:07:59]} 26. Re1 {[%clk 00:10:23]} {[%emt 00:13:04]}
Nd5 {[%clk 00:05:29]} {[%emt 00:04:33]} 27. Qf3 {[%clk 00:06:38]} {[%emt
00:04:15]} Qd2 {[%clk 00:05:51]} {[%emt 00:00:08]} 28. Rd1 {[%clk 00:05:55]}
{[%emt 00:01:13]} Qc2 {[%clk 00:05:44]} {[%emt 00:00:37]} 29. Re1 {[%clk
00:00:51]} {[%emt 00:05:35]} f6 {[%clk 00:04:50]} {[%emt 00:01:22]} 30. Rb5
{[%clk 00:01:14]} {[%emt 00:00:09]} Qc3 {[%clk 00:02:59]} {[%emt 00:02:21]} 31.
Qf2 {[%clk 00:00:35]} {[%emt 00:01:09]} fxe5 {[%clk 00:03:06]} {[%emt
00:00:23]} 32. dxe5 {[%clk 00:00:52]} {[%emt 00:00:13]} Qxc6 {[%clk 00:03:16]}
{[%emt 00:00:19]} 33. Rb2 {[%clk 00:01:01]} {[%emt 00:00:22]} Qc5 {[%emt
00:00:35]} 0-1

[Event "2020 Australian Chess Championship"]
[Site "Sydney, Australia"]
[Date "2020.01.06"]
[Round "5.8"]
[White "Parle, Hughston"]
[Black "Kargosha, Bahman"]
[Result "0-1"]
[WhiteElo "2057"]
[BlackElo "2101"]

1. e4 {[%clk 01:30:14]} {[%emt 00:00:43]} e5 {[%clk 01:30:56]} {[%emt
00:00:06]} 2. Nf3 {[%clk 01:30:39]} {[%emt 00:00:05]} Nc6 {[%clk 01:31:20]}
{[%emt 00:00:07]} 3. d4 {[%clk 01:31:04]} {[%emt 00:00:06]} exd4 {[%clk
01:31:35]} {[%emt 00:00:15]} 4. Nxd4 {[%clk 01:31:11]} {[%emt 00:00:22]} Nf6
{[%clk 01:31:55]} {[%emt 00:00:09]} 5. Nxc6 {[%clk 01:30:38]} {[%emt 00:01:04]}
bxc6 {[%clk 01:32:19]} {[%emt 00:00:06]} 6. e5 {[%clk 01:30:58]} {[%emt
00:00:10]} Qe7 {[%clk 01:32:39]} {[%emt 00:00:09]} 7. Qe2 {[%clk 01:29:06]}
{[%emt 00:02:22]} Nd5 {[%clk 01:33:01]} {[%emt 00:00:09]} 8. c4 {[%clk
01:29:04]} {[%emt 00:00:32]} Ba6 {[%clk 01:32:31]} {[%emt 00:00:59]} 9. b3
{[%clk 01:28:44]} {[%emt 00:00:51]} g5 {[%clk 01:31:13]} {[%emt 00:01:48]} 10.
g3 {[%clk 01:22:00]} {[%emt 00:07:14]} Bg7 {[%clk 01:31:01]} {[%emt 00:00:43]}
11. Bb2 {[%clk 01:20:38]} {[%emt 00:01:52]} O-O-O {[%clk 01:31:18]} {[%emt
00:00:13]} 12. Bg2 {[%clk 01:11:43]} {[%emt 00:09:24]} Rde8 {[%clk 01:31:24]}
{[%emt 00:00:23]} 13. O-O {[%clk 01:09:51]} {[%emt 00:02:23]} Bxe5 {[%clk
01:31:34]} {[%emt 00:00:21]} 14. Qxe5 {[%clk 01:09:42]} {[%emt 00:00:40]} Qxe5
{[%clk 01:31:57]} {[%emt 00:00:06]} 15. Bxe5 {[%clk 01:10:08]} {[%emt
00:00:04]} Rxe5 {[%clk 01:32:19]} {[%emt 00:00:09]} 16. cxd5 {[%clk 01:10:20]}
{[%emt 00:00:19]} Bxf1 {[%clk 01:32:42]} {[%emt 00:00:06]} 17. Kxf1 {[%clk
01:09:10]} {[%emt 00:01:40]} cxd5 {[%clk 01:33:06]} {[%emt 00:00:06]} 18. Nc3
{[%clk 01:01:41]} {[%emt 00:07:58]} c6 {[%clk 01:33:29]} {[%emt 00:00:08]} 19.
Rc1 {[%clk 00:51:37]} {[%emt 00:10:34]} Kd8 {[%clk 01:33:51]} {[%emt 00:00:08]}
20. Ne2 {[%clk 00:43:46]} {[%emt 00:08:21]} f6 {[%clk 01:30:58]} {[%emt
00:03:23]} 21. Nd4 {[%clk 00:36:33]} {[%emt 00:07:43]} Rhe8 {[%clk 01:15:17]}
{[%emt 00:17:49]} 22. Bf3 {[%clk 00:32:00]} {[%emt 00:03:25]} g4 {[%clk
01:10:46]} {[%emt 00:05:01]} 23. Bxg4 {[%clk 00:14:18]} {[%emt 00:18:11]} Re4
{[%clk 01:08:49]} {[%emt 00:02:27]} 24. Bh5 {[%clk 00:13:23]} {[%emt 00:01:26]}
Rxd4 {[%clk 00:49:02]} {[%emt 00:20:18]} 25. Bxe8 {[%clk 00:13:47]} {[%emt
00:00:06]} Kxe8 {[%clk 00:49:25]} {[%emt 00:00:07]} 26. Ke2 {[%clk 00:13:07]}
{[%emt 00:01:10]} a5 {[%clk 00:43:56]} {[%emt 00:05:58]} 27. a4 {[%clk
00:10:56]} {[%emt 00:02:42]} Rb4 {[%clk 00:44:14]} {[%emt 00:00:12]} 28. Rc5
{[%clk 00:11:20]} {[%emt 00:00:06]} Rxb3 {[%clk 00:44:25]} {[%emt 00:00:19]} 29.
Rxa5 {[%clk 00:11:45]} {[%emt 00:00:05]} Ra3 {[%clk 00:38:59]} {[%emt
00:05:56]} 30. h4 {[%clk 00:08:58]} {[%emt 00:03:17]} h5 {[%clk 00:28:51]}
{[%emt 00:10:38]} 31. Ra8+ {[%clk 00:06:18]} {[%emt 00:03:10]} Ke7 {[%clk
00:26:27]} {[%emt 00:02:54]} 32. a5 {[%clk 00:03:44]} {[%emt 00:03:05]} d4
{[%clk 00:10:29]} {[%emt 00:16:28]} 33. a6 {[%clk 00:03:15]} {[%emt 00:01:00]}
Kd6 {[%clk 00:09:49]} {[%emt 00:01:10]} 34. g4 {[%clk 00:00:34]} {[%emt
00:03:11]} hxg4 {[%clk 00:09:45]} {[%emt 00:00:33]} 35. h5 {[%clk 00:00:52]}
{[%emt 00:00:13]} Kc7 {[%clk 00:08:26]} {[%emt 00:01:50]} 36. a7 {[%clk
00:00:36]} {[%emt 00:00:46]} Kb7 {[%clk 00:08:25]} {[%emt 00:00:30]} 37. Rd8
{[%clk 00:00:38]} {[%emt 00:00:28]} Kxa7 {[%clk 00:08:37]} {[%emt 00:00:18]} 38.
Rxd7+ {[%clk 00:00:59]} {[%emt 00:00:10]} Kb6 {[%clk 00:08:16]} {[%emt
00:00:51]} 39. Rxd4 {[%clk 00:01:12]} {[%emt 00:00:17]} Rh3 {[%clk 00:07:20]}
{[%emt 00:01:26]} 40. Rxg4 {[%clk 00:00:48]} {[%emt 00:00:54]} Rxh5 {[%clk
00:07:40]} {[%emt 00:00:10]} 41. Rf4 {[%clk 00:00:44]} {[%emt 00:00:33]} Re5+
{[%clk 00:07:52]} {[%emt 00:00:17]} 42. Kd3 {[%clk 00:01:09]} {[%emt 00:00:06]}
f5 {[%clk 00:07:14]} {[%emt 00:01:08]} 43. Kc4 {[%clk 00:28:14]} {[%emt
00:03:24]} Ra5 {[%clk 00:21:48]} {[%emt 00:15:56]} 44. Kb4 {[%clk 00:28:25]}
{[%emt 00:00:18]} Re5 {[%clk 00:20:44]} {[%emt 00:01:35]} 45. Kc4 {[%clk
00:28:46]} {[%emt 00:00:09]} Kc7 {[%clk 00:19:36]} {[%emt 00:01:38]} 46. Rd4
{[%clk 00:20:39]} {[%emt 00:08:37]} Ra5 {[%clk 00:18:24]} {[%emt 00:01:46]} 47.
Kb3 {[%clk 00:20:32]} {[%emt 00:00:33]} Rd5 {[%clk 00:17:17]} {[%emt 00:01:37]}
48. Rh4 {[%clk 00:17:34]} {[%emt 00:03:28]} Kd6 {[%clk 00:16:13]} {[%emt
00:01:34]} 49. Kc4 {[%clk 00:04:39]} {[%emt 00:13:24]} Ke5 {[%clk 00:12:40]}
{[%emt 00:04:04]} 50. Rh6 {[%clk 00:04:35]} {[%emt 00:00:34]} Rd1 {[%clk
00:09:59]} {[%emt 00:03:10]} 51. Kc3 {[%clk 00:04:01]} {[%emt 00:01:05]} Kf4
{[%clk 00:05:17]} {[%emt 00:05:13]} 52. Kc2 {[%clk 00:04:08]} {[%emt 00:00:24]}
Rd5 {[%clk 00:05:38]} {[%emt 00:00:07]} 53. Rh3 {[%clk 00:03:53]} {[%emt
00:00:44]} Ke5 {[%clk 00:04:19]} {[%emt 00:01:50]} 54. Re3+ {[%clk 00:04:05]}
{[%emt 00:00:19]} Kf4 {[%clk 00:03:28]} {[%emt 00:01:39]} 55. Rh3 {[%clk
00:04:23]} Rd6 56. Re3 {[%clk 00:04:23]} c5 57. Rc3 {[%clk 00:04:23]} Rd5 58.
Rg3 {[%clk 00:04:23]} c4 59. Rh3 {[%clk 00:04:23]} Rd4 60. Rg3 {[%clk
00:04:23]} Rd3 61. Rg8 {[%clk 00:04:23]} Kf3 62. Rc8 {[%clk 00:04:23]} Rd4 63.
Rc5 {[%clk 00:04:23]} f4 64. Kc3 {[%clk 00:04:23]} Re4 65. Rd5 {[%clk
00:04:23]} Kxf2 66. Rd2+ {[%clk 00:04:23]} Kg3 67. Kc2 {[%clk 00:04:23]} f3 68.
Rd8 {[%clk 00:04:23]} f2 0-1